[Event "FIN-chT 2223"]
[Site "Finland"]
[Date "2023.01.15"]
[Round "8.7"]
[White "Martinec, Tamas"]
[Black "Salmelin, Aaro"]
[Result "1-0"]
[WhiteElo "1850"]
[BlackElo "2070"]
[PlyCount "85"]
[EventDate "2022.09.24"]
[EventType "team-tourn"]
[EventRounds "11"]
[EventCountry "FIN"]
[SourceTitle "EXT 2024"]
[Source "ChessBase"]
[SourceDate "2023.10.10"]
[SourceVersion "1"]
[SourceVersionDate "2023.10.10"]
[SourceQuality "1"]
[WhiteTeam "Tampere Tammer"]
[BlackTeam "Jyvaskyla JyS"]
[WhiteTeamCountry "FIN"]
[BlackTeamCountry "FIN"]

1. d4 d5 2. c4 c6 3. Nf3 e6 4. e3 Nf6 5. Nc3 Bd6 6. Be2 b6 7. 0-0 Nbd7 8. b3 Bb7 9. Bb2 0-0 10. Rc1 Rc8 11. Bd3 c5 12. cxd5 exd5 13. dxc5 bxc5 14. Ne2 Qe7 15. Ng3 g6 16. Qe2 Ba8 17. Rfd1 Rfe8 18. Bb5 Red8 19. Bc3 Ne5 20. Nxe5 Bxe5 21. Bxe5 Qxe5 22. Rd2 h5 23. h3 Qg5 24. Rdc2 d4 25. exd4 Rxd4 26. Qe3 Qd5 27. f3 h4 28. Ne2 Rd1+ 29. Kf2 Rxc1 30. Rxc1 Nh5 31. Qe7 Qf5 32. Bd7 Qd3 33. Bxc8 Ng3 34. Qe8+ Kg7 35. Qe5+ Kh7 36. Qe3 Qd8 37. Rxc5 Nh1+ 38. Ke1 Qf6 39. Qe5 Qb6 40. Qe7 Qb4+ 41. Kf1 Bd5 42. a3 Qxb3 43. Qxh4+ 1-0

[Event "Raahe op"]
[Site "Raahe"]
[Date "2019.12.02"]
[Round "2"]
[White "Salmelin, Aaro"]
[Black "Khanov, Pavel"]
[Result "1-0"]
[WhiteElo "2036"]
[BlackElo "1934"]
[PlyCount "42"]
[EventDate "2019.11.02"]
[EventType "swiss"]
[EventRounds "5"]
[EventCountry "FIN"]
[SourceTitle "EXT 2021"]
[Source "ChessBase"]
[SourceDate "2020.10.23"]
[SourceVersion "1"]
[SourceVersionDate "2020.10.23"]
[SourceQuality "1"]

1. d4 d5 2. c4 e6 3. Nf3 c6 4. Nc3 dxc4 5. a4 Bb4 6. e3 b5 7. g3 a5 8. Bg2 Ra7 9. 0-0 Ba6 10. Ne5 Ne7 11. Rb1 0-0 12. Qc2 Qb6 13. e4 Nd7 14. Nf3 Nf6 15. Ne5 Ng6 16. Be3 Nd7 17. d5 Bc5 18. Nxc6 Bxe3 19. Nxa7 b4 20. fxe3 Qxa7 21. Nb5 Nge5 1-0

[Event "Tampere Tammer Autumn op"]
[Site "Tampere"]
[Date "2019.10.13"]
[Round "4"]
[White "Salmelin, Aaro"]
[Black "Jarvenpaa, Jari"]
[Result "1/2-1/2"]
[WhiteElo "2020"]
[BlackElo "2234"]
[PlyCount "119"]
[EventDate "2019.10.12"]
[EventType "swiss"]
[EventRounds "4"]
[EventCountry "FIN"]
[SourceTitle "EXT 2021"]
[Source "ChessBase"]
[SourceDate "2020.10.23"]
[SourceVersion "1"]
[SourceVersionDate "2020.10.23"]
[SourceQuality "1"]

1. d4 d5 2. Nf3 Nf6 3. c4 dxc4 4. Nc3 a6 5. a4 Nc6 6. e3 Bg4 7. Bxc4 e6 8. 0-0 Bd6 9. Qc2 Bxf3 10. gxf3 Nd5 11. Qe4 Qg5+ 12. Qg4 Qh6 13. h4 Nb6 14. Be2 Be7 15. h5 f5 16. Qh3 Qf6 17. a5 Nd5 18. e4 fxe4 19. fxe4 Nf4 20. Qg4 Nxe2+ 21. Nxe2 e5 22. d5 Nb4 23. Be3 0-0 24. Ng3 Nc2 25. Rac1 Nxe3 26. fxe3 Qg5 27. Qxg5 Bxg5 28. Rxc7 Bxe3+ 29. Kg2 Rxf1 30. Kxf1 g6 31. hxg6 hxg6 32. Ke2 Bf4 33. Kf3 Rb8 34. Kg4 Bd2 35. Re7 Bxa5 36. Rxe5 Kf7 37. d6 Bd8 38. Rd5 Bf6 39. b3 Rh8 40. Ne2 Rh4+ 41. Kf3 Rh3+ 42. Kg4 Rxb3 43. e5 Rb4+ 44. Nf4 Bd8 45. e6+ Kf6 46. e7 Bxe7 47. dxe7 Kxe7 48. Kg5 b5 49. Nxg6+ Ke6 50. Rd1 a5 51. Nf4+ Kf7 52. Kf5 Rc4 53. Nd5 b4 54. Nxb4 axb4 55. Rb1 Ke7 56. Ke5 Rh4 57. Kd5 Kd7 58. Kc5 Kc7 59. Rxb4 Rxb4 60. Kxb4 1/2-1/2

[Event "Heart of Finland op 29th"]
[Site "Jyvaskyla"]
[Date "2019.07.20"]
[Round "8"]
[White "Salmelin, Aaro"]
[Black "Vilppolainen, Markku"]
[Result "1/2-1/2"]
[WhiteElo "2011"]
[BlackElo "2080"]
[PlyCount "35"]
[EventDate "2019.07.15"]
[EventType "swiss"]
[EventRounds "9"]
[EventCountry "FIN"]
[SourceTitle "EXT 2021"]
[Source "ChessBase"]
[SourceDate "2020.10.23"]
[SourceVersion "1"]
[SourceVersionDate "2020.10.23"]
[SourceQuality "1"]

1. d4 Nf6 2. c4 g6 3. Nc3 Bg7 4. Nf3 0-0 5. g3 d6 6. Bg2 Nbd7 7. 0-0 e5 8. e4 c6 9. h3 Qb6 10. dxe5 dxe5 11. Qc2 Qb4 12. b3 Nc5 13. Bd2 Qa3 14. Rad1 Nh5 15. Nb1 Qa6 16. Be3 Ne6 17. Rd2 f5 18. exf5 1/2-1/2

[Event "Kuopio KSY op-A"]
[Site "Kuopio"]
[Date "2019.04.27"]
[Round "2"]
[White "Salmelin, Aaro"]
[Black "Kolegov, Andrey"]
[Result "1-0"]
[WhiteElo "2025"]
[BlackElo "2008"]
[PlyCount "105"]
[EventDate "2019.04.27"]
[EventType "swiss"]
[EventRounds "5"]
[EventCountry "FIN"]
[SourceTitle "EXT 2021"]
[Source "ChessBase"]
[SourceDate "2020.10.23"]
[SourceVersion "1"]
[SourceVersionDate "2020.10.23"]
[SourceQuality "1"]

1. d4 Nf6 2. c4 g6 3. Nc3 d5 4. Nf3 Bg7 5. Qb3 dxc4 6. Qxc4 c6 7. e4 0-0 8. Be2 b5 9. Qd3 Ba6 10. b4 Bb7 11. Bb2 Nh5 12. 0-0 Qd6 13. a3 Nf4 14. Qc2 Nd7 15. Rfd1 Nxe2+ 16. Qxe2 a6 17. e5 Qc7 18. Ne4 Rad8 19. e6 f5 20. Nc5 Nb6 21. Ng5 Nc4 22. Nf7 Rd5 23. Bc3 Bc8 24. g3 Nd6 25. Ne5 Re8 26. Nf3 Nc4 27. h4 h6 28. Bd2 Nxd2 29. Rxd2 Red8 30. Rad1 R8d6 31. Qe3 Kh7 32. Kg2 Qd8 33. Rd3 Qf8 34. Ne5 Bxe6 35. Nxg6 Qf7 36. Nf4 Bc8 37. Nxd5 cxd5 38. Rc3 Rg6 39. Nd3 Qg8 40. Nf4 Rg4 41. Qxe7 Kh8 42. Qc7 Be6 43. Nxe6 Qxe6 44. Qc8+ Qxc8 45. Rxc8+ Kh7 46. Rc5 Bxd4 47. Rxd5 Bb2 48. R1d3 f4 49. Rd6 fxg3 50. fxg3 a5 51. bxa5 Ra4 52. Re3 Bxa3 53. Re7+ 1-0

[Event "Tampere TammerSh Spring op-A"]
[Site "Tampere"]
[Date "2019.04.20"]
[Round "1"]
[White "Salmelin, Aaro"]
[Black "Keso, Elias"]
[Result "1/2-1/2"]
[WhiteElo "2009"]
[BlackElo "2097"]
[PlyCount "101"]
[EventDate "2019.04.20"]
[EventType "swiss"]
[EventRounds "4"]
[EventCountry "FIN"]
[SourceTitle "EXT 2021"]
[Source "ChessBase"]
[SourceDate "2020.10.23"]
[SourceVersion "1"]
[SourceVersionDate "2020.10.23"]
[SourceQuality "1"]

1. d4 Nf6 2. c4 g6 3. Nc3 Bg7 4. Nf3 0-0 5. g3 d6 6. Bg2 c6 7. 0-0 Qb6 8. Qc2 Qa6 9. b3 b5 10. Nd2 Bb7 11. c5 dxc5 12. dxc5 b4 13. Na4 Qxe2 14. Bb2 Rd8 15. Rad1 Ng4 16. Bxg7 Kxg7 17. h3 Nf6 18. Rfe1 Qd3 19. Qxd3 Rxd3 20. Nc4 Rxd1 21. Rxd1 Na6 22. Na5 Rb8 23. Nxc6 Bxc6 24. Bxc6 Nxc5 25. Nxc5 Rc8 26. Na6 Rxc6 27. Nxb4 Rc7 28. Nd5 Nxd5 29. Rxd5 h5 30. h4 Kf6 31. Ra5 e5 32. b4 Kf5 33. Kg2 Ke4 34. Ra6 Kd5 35. Kf3 Rc3+ 36. Ke2 Rc2+ 37. Ke3 Rc3+ 38. Kd2 Rc7 39. a4 Ke4 40. Rf6 Rc4 41. Rxf7 Rxb4 42. Rxa7 Kf3 43. Rf7+ Kg2 44. Rf6 Rxa4 45. Rxg6 Kxf2 46. Rg5 e4 47. Rf5+ Kxg3 48. Rxh5 Kf3 49. Rf5+ Kg4 50. Rf8 Kxh4 51. Ke3 1/2-1/2

[Event "FIN-chT1B 1819"]
[Site "Finland"]
[Date "2019.04.06"]
[Round "7.6"]
[White "Pietinen, Pekka"]
[Black "Salmelin, Aaro"]
[Result "1-0"]
[WhiteElo "2006"]
[BlackElo "2027"]
[PlyCount "93"]
[EventDate "2018.09.15"]
[EventType "team-tourn"]
[EventRounds "7"]
[EventCountry "FIN"]
[SourceTitle "EXT 2020"]
[Source "ChessBase"]
[SourceDate "2019.10.17"]
[SourceVersion "1"]
[SourceVersionDate "2019.10.17"]
[SourceQuality "1"]
[WhiteTeam "Helsinki KSK"]
[BlackTeam "Jyvaskyla JyS II"]
[WhiteTeamCountry "FIN"]
[BlackTeamCountry "FIN"]

1. d4 d5 2. Nf3 Nf6 3. Bg5 e6 4. e3 Be7 5. Nbd2 Nbd7 6. Bd3 c5 7. c3 b6 8. 0-0 Bb7 9. Re1 0-0 10. h3 Ne4 11. Bxe7 Qxe7 12. Bc2 Nxd2 13. Qxd2 Nf6 14. Qe2 Rfd8 15. Ne5 Nd7 16. f4 f6 17. Nxd7 Rxd7 18. Rad1 f5 19. g4 g6 20. Kg2 a5 21. Rh1 Ba6 22. Qf3 Qh4 23. Qg3 Qxg3+ 24. Kxg3 Kf7 25. Rd2 h6 26. h4 Rg8 27. Kf3 h5 28. gxh5 gxh5 29. Bd1 Kf6 30. Rg2 Rdg7 31. Rg5 Bb5 32. Kf2 Be8 33. Rh2 Bf7 34. Bxh5 Bxh5 35. Rxh5 c4 36. Rg5 Rh8 37. Kg3 Rxg5+ 38. fxg5+ Kg6 39. Kf4 b5 40. Ke5 b4 41. Rh3 bxc3 42. bxc3 a4 43. Kxe6 Rd8 44. a3 Kh5 45. Kxf5 Rb8 46. Rg3 Kxh4 47. Rg1 1-0

[Event "Jyvaskyla Winter op-A 40th"]
[Site "Jyvaskyla"]
[Date "2019.02.03"]
[Round "5"]
[White "Hintikka, Eero"]
[Black "Salmelin, Aaro"]
[Result "1-0"]
[WhiteElo "2108"]
[BlackElo "2038"]
[PlyCount "89"]
[EventDate "2019.02.01"]
[EventType "swiss"]
[EventRounds "5"]
[EventCountry "FIN"]
[SourceTitle "EXT 2021"]
[Source "ChessBase"]
[SourceDate "2020.10.23"]
[SourceVersion "1"]
[SourceVersionDate "2020.10.23"]
[SourceQuality "1"]

1. e4 e5 2. Nf3 Nf6 3. Nxe5 d6 4. Nf3 Nxe4 5. Qe2 Qe7 6. d3 Nf6 7. Bg5 Qxe2+ 8. Bxe2 Be7 9. Nc3 0-0 10. 0-0-0 c6 11. d4 d5 12. Ne5 Re8 13. Rhe1 Nbd7 14. f4 h6 15. Bxf6 Nxf6 16. g4 Bb4 17. g5 hxg5 18. fxg5 Bxc3 19. bxc3 Ne4 20. Rd3 Nxg5 21. Rg1 Ne4 22. Nxf7 Nxc3 23. Rxc3 Rxe2 24. Nd6 Bd7 25. Rcg3 Re7 26. Nxb7 Rf8 27. Nc5 Rf2 28. R3g2 Rxg2 29. Rxg2 Bf5 30. Kd2 g6 31. Na6 Rh7 32. Nb4 a5 33. Na6 Rh3 34. Nb8 Ra3 35. Nxc6 Rxa2 36. Ne7+ Kf7 37. Nxf5 gxf5 38. Re2 Ra1 39. Re5 Kf6 40. Rxd5 Kg5 41. c4 a4 42. c5 Kf4 43. c6 Ra2+ 44. Kc3 Rxh2 45. c7 1-0

[Event "Jyvaskyla Winter op-A 40th"]
[Site "Jyvaskyla"]
[Date "2019.02.03"]
[Round "4"]
[White "Jarvenpaa, Jari"]
[Black "Salmelin, Aaro"]
[Result "1-0"]
[WhiteElo "2297"]
[BlackElo "2038"]
[PlyCount "61"]
[EventDate "2019.02.01"]
[EventType "swiss"]
[EventRounds "5"]
[EventCountry "FIN"]
[SourceTitle "EXT 2021"]
[Source "ChessBase"]
[SourceDate "2020.10.23"]
[SourceVersion "1"]
[SourceVersionDate "2020.10.23"]
[SourceQuality "1"]

1. Nf3 Nf6 2. d4 d5 3. c4 e6 4. g3 c6 5. Bg2 Bd6 6. 0-0 0-0 7. Nc3 Nbd7 8. Nd2 Bc7 9. e4 dxe4 10. Ndxe4 Nxe4 11. Bxe4 Nf6 12. Bg2 e5 13. d5 cxd5 14. Nxd5 Nxd5 15. Bxd5 Rb8 16. Qh5 Qd6 17. Be3 b6 18. Rfd1 Qg6 19. Qxg6 hxg6 20. b4 Bb7 21. Bxb7 Rxb7 22. Rd7 Rd8 23. Rad1 Rbb8 24. Kf1 Kf8 25. c5 b5 26. c6 Rxd7 27. Rxd7 Rc8 28. Bc5+ Ke8 29. Re7+ Kd8 30. Rxf7 Bb8 31. Re7 1-0

[Event "FIN-chT1B 1819"]
[Site "Finland"]
[Date "2019.01.12"]
[Round "5.6"]
[White "Salmelin, Aaro"]
[Black "Vetelaeinen, Tomi"]
[Result "1/2-1/2"]
[WhiteElo "2027"]
[BlackElo "2044"]
[PlyCount "61"]
[EventDate "2018.09.15"]
[EventType "team-tourn"]
[EventRounds "7"]
[EventCountry "FIN"]
[SourceTitle "EXT 2020"]
[Source "ChessBase"]
[SourceDate "2019.10.17"]
[SourceVersion "1"]
[SourceVersionDate "2019.10.17"]
[SourceQuality "1"]
[WhiteTeam "Jyvaskyla JyS II"]
[BlackTeam "Vantaa Gambitti"]
[WhiteTeamCountry "FIN"]
[BlackTeamCountry "FIN"]

1. d4 Nf6 2. c4 Nc6 3. Nc3 e5 4. d5 Ne7 5. e4 Ng6 6. Be3 Bb4 7. Bd3 0-0 8. h3 Nh4 9. Kf1 Ng6 10. g3 d6 11. Na4 Nd7 12. Nf3 Nc5 13. Nxc5 Bxc5 14. Bxc5 dxc5 15. Qc2 Bd7 16. Kg2 Qe7 17. Rhe1 Rae8 18. a3 a5 19. b4 cxb4 20. axb4 Qxb4 21. c5 Bb5 22. Bxb5 Qxb5 23. Reb1 Qa6 24. Qb2 f5 25. Ng5 fxe4 26. Ne6 Rf7 27. Qb5 Qxb5 28. Rxb5 c6 29. Rbxa5 cxd5 30. Ra8 Rfe7 31. Nc7 1/2-1/2

[Event "Heart of Finland op 28th"]
[Site "Jyvaskyla"]
[Date "2018.07.19"]
[Round "5"]
[White "Salmelin, Aaro"]
[Black "Tiitta, Sauli"]
[Result "0-1"]
[WhiteElo "2043"]
[BlackElo "2177"]
[PlyCount "38"]
[EventDate "2018.07.16"]
[EventType "swiss"]
[EventRounds "9"]
[EventCountry "FIN"]
[SourceTitle "EXT 2021"]
[Source "ChessBase"]
[SourceDate "2020.10.23"]
[SourceVersion "1"]
[SourceVersionDate "2020.10.23"]
[SourceQuality "1"]

1. Nf3 g6 2. g3 Bg7 3. Bg2 e5 4. 0-0 d5 5. d3 Ne7 6. c4 c6 7. Qb3 h6 8. cxd5 cxd5 9. Nc3 Nbc6 10. Ne1 Nd4 11. Qa3 0-0 12. f4 exf4 13. Bxf4 Ndf5 14. e4 g5 15. exf5 gxf4 16. Rxf4 Bxf5 17. Qb3 Be6 18. Qd1 Qb6+ 19. Kh1 Qxb2 0-1

[Event "Heart of Finland op 28th"]
[Site "Jyvaskyla"]
[Date "2018.07.17"]
[Round "2"]
[White "Townsend, M Paul"]
[Black "Salmelin, Aaro"]
[Result "1-0"]
[WhiteElo "2219"]
[BlackElo "2043"]
[PlyCount "80"]
[EventDate "2018.07.16"]
[EventType "swiss"]
[EventRounds "9"]
[EventCountry "FIN"]
[SourceTitle "CBM 185 Extra"]
[Source "ChessBase"]
[SourceDate "2018.07.29"]
[SourceVersion "1"]
[SourceVersionDate "2018.07.29"]
[SourceQuality "1"]

1. d4 d5 2. Bf4 Nf6 3. e3 Bf5 4. c4 e6 5. Nc3 Bd6 6. Bg3 c6 7. Nf3 Bxg3 8. hxg3 h6 9. Bd3 dxc4 10. Bxf5 exf5 11. Ne5 Nbd7 12. Nxc4 Qe7 13. Qc2 Ne4 14. Nxe4 fxe4 15. Qxe4 Qxe4 16. Nd6+ Ke7 17. Nxe4 f5 18. Nc3 Nf6 19. Ke2 Rad8 20. Rhc1 Rhe8 21. Na4 Kf7 22. Kf1 g5 23. Nc5 Re7 24. Nd3 Ng4 25. Rc5 Kf6 26. Rac1 Rdd7 27. Re1 Nh2+ 28. Kg1 Ng4 29. Rc3 Rd8 30. Rec1 h5 31. b4 Rh8 32. Kf1 h4 33. gxh4 Rxh4 34. g3 Rh2 35. a4 f4 36. exf4 gxf4 37. gxf4 Re4 38. Kg1 Rxd4 39. Ne5 Rh4 40. Nf3 Rxf4 1-0

[Event "FIN-ch U18"]
[Site "Valkeakoski"]
[Date "2018.06.07"]
[Round "1"]
[White "Bederdin, Lauri"]
[Black "Salmelin, Aaro"]
[Result "1/2-1/2"]
[WhiteElo "2000"]
[BlackElo "2048"]
[PlyCount "65"]
[EventDate "2018.06.07"]
[EventType "tourn"]
[EventRounds "7"]
[EventCountry "FIN"]
[SourceTitle "EXT 2022"]
[Source "ChessBase"]
[SourceDate "2021.10.06"]
[SourceVersion "1"]
[SourceVersionDate "2021.10.06"]
[SourceQuality "1"]

1. d4 Nf6 2. c4 g6 3. g3 Bg7 4. Bg2 0-0 5. Nc3 d6 6. Nf3 Nc6 7. 0-0 e5 8. d5 Nb8 9. e4 a5 10. Ne1 Na6 11. Nd3 Nd7 12. f4 f5 13. fxe5 Nxe5 14. Nxe5 Bxe5 15. Bh6 Rf7 16. Qd2 Nc5 17. Rf2 Bg7 18. Bxg7 Rxg7 19. Re1 Re7 20. Rfe2 Bd7 21. e5 Rxe5 22. Rxe5 dxe5 23. Rxe5 Qf6 24. Qe3 Qd6 25. Qd4 Re8 26. Rxe8+ Bxe8 27. Qe3 Bd7 28. Ne2 Kf7 29. Qh6 Kg8 30. Qe3 Kf7 31. Qh6 Kg8 32. Qe3 Kf7 33. Qh6 1/2-1/2

[Event "Helsinki MatSK Weekend"]
[Site "Helsinki"]
[Date "2018.02.25"]
[Round "7"]
[White "Salmelin, Aaro"]
[Black "Aalto, Patrik"]
[Result "1-0"]
[WhiteElo "1992"]
[BlackElo "1902"]
[PlyCount "107"]
[EventDate "2018.02.23"]
[EventType "swiss"]
[EventRounds "7"]
[EventCountry "FIN"]
[SourceTitle "EXT 2019"]
[Source "ChessBase"]
[SourceDate "2018.10.10"]
[SourceVersion "1"]
[SourceVersionDate "2018.10.10"]
[SourceQuality "1"]

1. d4 Nf6 2. Nf3 c5 3. c3 e6 4. Bg5 d5 5. e3 h6 6. Bh4 Be7 7. Nbd2 0-0 8. Bd3 b6 9. Ne5 Bb7 10. a4 Nbd7 11. Bg3 a6 12. 0-0 Nxe5 13. Bxe5 Nd7 14. Bg3 Bf6 15. f4 Bh4 16. b4 c4 17. Bxh4 Qxh4 18. Bc2 f5 19. Rf3 Qh5 20. Qe1 Rf6 21. Bd1 Qe8 22. Qh4 Rf8 23. Rg3 Kh8 24. Rh3 Qd8 25. Qe1 Nf6 26. Nf3 Ng4 27. Rg3 Kh7 28. Bc2 g6 29. h3 Nf6 30. Nh2 Ne4 31. Rf3 Kg7 32. Rf1 Nf6 33. Nf3 Nd7 34. Kf2 Kf7 35. Ke2 Ke8 36. Rg1 Qf6 37. g4 Ke7 38. Qg3 Kf7 39. Rg2 Rg8 40. Rag1 Rae8 41. Qh2 Ba8 42. Rg3 Bb7 43. R1g2 Ba8 44. Qg1 Bb7 45. h4 Qe7 46. h5 g5 47. gxf5 exf5 48. Bxf5 Nf6 49. Ne5+ Kf8 50. fxg5 Nxh5 51. Rf3 hxg5 52. Bh7+ Nf4+ 53. Rxf4+ Kg7 54. Rxg5+ 1-0

[Event "Helsinki MatSK Weekend"]
[Site "Helsinki"]
[Date "2018.02.24"]
[Round "4"]
[White "Wartiovaara, Oliver"]
[Black "Salmelin, Aaro"]
[Result "1-0"]
[WhiteElo "2035"]
[BlackElo "1992"]
[PlyCount "111"]
[EventDate "2018.02.23"]
[EventType "swiss"]
[EventRounds "7"]
[EventCountry "FIN"]
[SourceTitle "EXT 2019"]
[Source "ChessBase"]
[SourceDate "2018.10.10"]
[SourceVersion "1"]
[SourceVersionDate "2018.10.10"]
[SourceQuality "1"]

1. d4 d5 2. c4 c6 3. cxd5 cxd5 4. Nc3 Nf6 5. Nf3 Nc6 6. Bf4 e6 7. e3 a6 8. Bd3 Bd6 9. Bxd6 Qxd6 10. 0-0 b5 11. a4 b4 12. Nb1 0-0 13. Nbd2 Na5 14. Ne5 Bb7 15. f4 Ne4 16. Bxe4 dxe4 17. Ndc4 Nxc4 18. Nxc4 Qc7 19. Rc1 Bd5 20. Nd2 Qb7 21. Nb3 Bxb3 22. Qxb3 Rfc8 23. Rc5 Rxc5 24. dxc5 Rc8 25. Rc1 a5 26. Rc4 Qd5 27. Qc2 Kf8 28. c6 Rc7 29. Rc5 Qd6 30. g3 Ke7 31. Kf2 b3 32. Qc1 f6 33. Ke1 h6 34. Qc3 Qd3 35. Qxd3 exd3 36. Kd2 Kd6 37. Rc3 Rxc6 38. Rxd3+ Ke7 39. Rxb3 g5 40. Rb7+ Kd6 41. b3 Rc5 42. g4 h5 43. gxh5 gxf4 44. Rb5 fxe3+ 45. Kxe3 Rc3+ 46. Kf2 f5 47. Kg2 e5 48. h6 f4 49. h7 Rc8 50. Rxa5 Rh8 51. Ra6+ Kc5 52. Rh6 e4 53. a5 Kd4 54. a6 e3 55. Kf3 Kd3 56. a7 1-0